Statistics for Top 4 Teams in Italian Serie A 1922-2019

Click here to take the quiz!

General Stats

  • This quiz has been taken 1,753 times
    (1,357 since last reset)
  • The average score is 18 of 27

Answer Stats

Answer % Correct
AC Milan
100%
Ambrosiana Inter
100%
Inter
100%
Juventus
100%
Roma
99%
Napoli
98%
Lazio
97%
Fiorentina
90%
Torino
88%
Sampdoria
86%
Atalanta
86%
Parma
84%
Genoa
84%
Udinese
79%
Bologna
76%
Verona
74%
Cagliari
71%
Chievo
62%
Venezia
35%
Perugia
32%
Livorno
28%
Vicenza
27%
Modena
21%
Padova
17%
Triestina
15%
Casale
14%
Alessandria
11%

Score Distribution

Percentile by Number Answered

Percent of People with Each Score

Your Score History

You have not taken this quiz since the last reset